000 01763nam a2200433 a 4500
003 BLK
005 20240826094035.0
008 180413b bul|||||r ||||||| ||bul||
010 _aKNG00024790000
040 _aBLK
041 _aBUL
_cBUL
080 _aМузиканти-творци, композитори
_b78.071.1
_x(437.1)(092)
_z78.071.1(437.1)(092)
080 _aЧешки композитор
_b929 Дворжак, Антонин Леополд
_z929 Дворжак, Антонин Леополд
100 1 _aИванов, Мирослав
_eпърви автор
_9266370
139 _aИванов, Мирослав
_bД 29
245 1 0 _aДворжак в Америка
_cМирослав Иванов; прев. от чеш. Димитър Тилев.
257 _aCSK
260 _bМузика
_c1990
_aСофия
300 _a360 с., 8 с.
_bс ил.
_c20 см
380 _a7
500 _aОриг. загл. A Dvorak Novosvetska / Miroslav Ivanov
600 1 4 _aДворжак, Антонин
_d1841 - 1904
_qДворжак, Антонин Леополд
_959121
650 4 _aКомпозитори - биографии
_9246095
650 4 _aКомпозитори, чешки
_9266373
650 4 _aДворжак, Антонин
_9266372
651 4 _aЧехия
_9179785
653 _aкомпозитори
653 _aбиографии
653 _aЧехия
653 _aАнтонин Дворжак
700 1 _aТилев, Димитър
_eпрев. от чеш.
_9266371
852 _aЦб 163098
_bЦб
856 4 _qpdf
_u
856 4 _qpdf
_u
942 _cKNG
_n0
944 _aCR
_c09.06.2011
_lГеновева Генчева
_k30560
944 _aED
_c11.07.2023
_kир
999 _c22425
_d22425
999 _d22425